000 00669nam a2200121Ia 4500
008 220620s9999||||xx |||||||||||||| ||und||
100 _aJ. Fox, James||Sather, Clifford
245 0 _aOrigins, Ancestry and Alliance
_bExplorations in Austronesian Ethnography
546 _aEnglish[eng]
650 _asouth east asia||customs||social life||kinship||islands of the pacific||ethnography||Egalitarianism||Genealogy||Gowa Regency||Iban people
856 _uhttps://library.oapen.org/bitstream/20.500.12657/33673/1/459399.pdf||https://library.oapen.org/bitstream/20.500.12657/33673/1/459399.pdf||https://library.oapen.org/bitstream/20.500.12657/33673/1/459399.pdf
942 _cEB
999 _c24012
_d24012